Can You Name the Top 100 Highest Rated Movies on Rotten Tomatoes? - Statistics

General Stats
  • This quiz has been taken 36 times
  • The average score is 12 of 100
Answer Stats
Rank Movie % Correct
2 The Godfather
82%
42 M
61%
6 Schindlers List
54%
3 Casablanca
46%
33 Citizen Kane
46%
48 Psycho
43%
51 The Dark Knight
43%
12 Toy Story
43%
84 Silence of the Lambs
39%
40 The Lord of the Rings
39%
45 Goodfellas
36%
29 The Godfather Part 2
36%
23 Finding Nemo
29%
17 Spirited Away
29%
8 Toy Story 2
29%
26 Toy Story 3
29%
70 Apocalypse Now
25%
5 Parasite
25%
13 Rear Window
25%
46 The Wizard of Oz
25%
57 Alien
21%
78 Good Will Hunting
21%
4 Seven Samurai
21%
43 Toy Story 4
21%
25 12 Angry Men
18%
77 Metropolis
18%
80 Aliens
14%
99 Memento
14%
55 North by Northwest
14%
10 On the Waterfront
14%
82 The Good, the bad, and the ugly
14%
98 The Terminator
14%
34 Annie Hall
11%
9 Chinatown
11%
97 Stalker
11%
52 The Maltese Falcon
11%
22 The Philadelphia Story
11%
62 The Pianist
11%
100 The Social Network
11%
19 The Third Man
11%
18 Up
11%
65 Grave of the Fireflies
7%
15 How to Train Your Dragon
7%
53 It Happened One Night
7%
61 Mission Impossible
7%
14 Modern Times
7%
90 Monsters Inc
7%
49 Paddington 2
7%
24 Singing in the Rain
7%
81 SpiderMan: Across the SpiderVerse
7%
21 Spider Man Into the Spiderverse
7%
27 Sunset Boulevard
7%
75 Tokyo Story
7%
7 Top Gun Maverick
7%
16 All About Eve
4%
89 All Quiet on the Western Front
4%
58 Argo
4%
50 Before Sunrise
4%
35 Cool Hand Luke
4%
85 Fanny and Alexander
4%
59 Get Out
4%
37 Inside Out
4%
1 LA Confidential
4%
74 Mad Max: Fury Road
4%
71 Mission Impossible: Fallout
4%
96 Rebecca
4%
64 The 400 Blows
4%
79 The Gold Rush
4%
36 The Holdovers
4%
72 The Last Picture Show
4%
69 The Treasure of Sierra Madre
4%
32 Zootopia
4%
76 A Hard Days Night
0%
56 Bicycle Thieves
0%
28 Coco
0%
47 Double Indemnity
0%
38 Dr Strangelover
0%
95 Eighth Grade
0%
83 Harry Potter and the Deathly Hallows
0%
88 His Girl Friday
0%
63 Kind Hearts and Coronets
0%
41 Knives Out
0%
86 Laura
0%
39 Let The Right One In
0%
93 Meet Me in St. Louis
0%
67 Minari
0%
91 Nights of Cabiria
0%
92 Pather Pachali
0%
68 Portrait of a Lady on Fire
0%
31 Selma
0%
20 SpotLight
0%
73 Tampopo
0%
11 The Battle of Algiers
0%
66 The Big Sick
0%
60 The Kid
0%
87 The Shop Around the Corner
0%
54 The Wages of Fear
0%
44 The Wrestler
0%
30 Three Colors: Red
0%
94 Witness for the Prosecution
0%
No matching quizzes found
Score Distribution
Percent of People with Each Score
Percentile by Number Answered
Your Score History
You have not taken this quiz